000
00356nam a2200145Ia 4500
008
090124s9999 xx 000 0 und d
082
_b
133365
_a
101798
245
_a
झुबेदा
250
_a
1
260
_b
रेगे आनंद
_c
2005
300
_a
176
630
_a
झुबेदा
730
_a
झुबेदा
942
_c
BOOK
999
_c
179580
_d
179580